000 00471cam a2200181ua 4500
020 _a81 7029 994 2
_c135.00
041 _aeng
_h
082 _a005.74
_bFRE/DA
100 _aFrench, CS .
245 _aData processing and information technology /
_cC S French.
_hTextual Documents
250 _a10 /
_b.
260 _aNew Delhi :
_bB P B Publishers ,
_c1997.
300 _a497 ; .
365 _a135.00
504 _a
942 _cBK
999 _c9522
_d9522